000 00641nam a2200229Ia 4500
003 OSt
005 20220927105534.0
006 a|||||r|||| 00| 0
007 ta
008 220926b |||||||| |||| 00| 0 eng d
024 _a172002
037 _cReference Collections
040 _aRTL
_cRTL
_beng
041 _2eng
_aeng
082 _a"V2,32p. P02, P2.28-3"
245 0 _aLok sabha debates
_b Eleventh session.
260 _aNew
_bDelhi Lok sabha secretariat
_c2002
300 _a465p.
_ccm.
490 _aThirteenth series.
942 _h"V2,32p. P02, P2.28-3"
_cCC
999 _c692931
_d692931